Bài tập hạch toán kế toán trong các doanh nghiệp
Сохранить в:
| Главный автор: | |
|---|---|
| Формат: | |
| Язык: | Undetermined |
| Опубликовано: |
Hà Nội
Nhà xuất bản Hà Nội
2005
|
| Предметы: | |
| Метки: |
Добавить метку
Нет меток, Требуется 1-ая метка записи!
|
| Thư viện lưu trữ: | Trung tâm Học liệu Trường Đại học Cần Thơ |
|---|
| LEADER | 00608nam a2200193Ia 4500 | ||
|---|---|---|---|
| 001 | CTU_101454 | ||
| 008 | 210402s9999 xx 000 0 und d | ||
| 020 | |c 18000 | ||
| 082 | |a 657 | ||
| 082 | |b Đ455 | ||
| 100 | |a Nguyễn, Thị Đông | ||
| 245 | 0 | |a Bài tập hạch toán kế toán trong các doanh nghiệp | |
| 245 | 0 | |c Nguyễn Thị Đông, Nguyễn Văn Công | |
| 260 | |a Hà Nội | ||
| 260 | |b Nhà xuất bản Hà Nội | ||
| 260 | |c 2005 | ||
| 650 | |a Managerial accounting | ||
| 904 | |i Tuyến | ||
| 980 | |a Trung tâm Học liệu Trường Đại học Cần Thơ | ||